Normal view
MARC view
Entry Topical Term
001 - CONTROL NUMBER
- control field: 85984
003 - CONTROL NUMBER IDENTIFIER
- control field: dpl
005 - DATE AND TIME OF LATEST TRANSACTION
- control field: 20251210110122.0
008 - FIXED-LENGTH DATA ELEMENTS
- fixed length control field: 251210|| aca||aabn | a|a d
040 ## - CATALOGING SOURCE
- Original cataloging agency: dpl
- Transcribing agency: dpl
150 ## - HEADING--TOPICAL TERM
- Topical term or geographic name as entry element: हिन्दी कथा साहित्य
670 ## - SOURCE DATA FOUND
- Source citation: Work cat.: (dpl)210010: सोबती, कृष्णा 85983, रचना का गर्भगृह /, 2023
